[Event "FICGS W-ch st1 g01 email"]
[Site "FICGS email"]
[Date "2016.11.02"]
[Round "1"]
[White "Ilic, Slavisa"]
[Black "Flores, Luis"]
[Result "0-1"]
[WhiteElo "1797"]
[BlackElo "2019"]
[PlyCount "74"]
[EventDate "2016.??.??"]
[EventType "tourn (corr)"]
[EventRounds "8"]
[SourceTitle "Corr 2022"]
[Source "ChessBase"]
[SourceDate "2021.10.24"]
[SourceVersion "1"]
[SourceVersionDate "2021.10.24"]
[SourceQuality "1"]

1. e4 c5 2. Nf3 d6 3. d4 cxd4 4. Nxd4 Nf6 5. Nc3 a6 6. Be3 e5 7. Nf3 Be7 8. Bc4 0-0 9. 0-0 Be6 10. Bxe6 fxe6 11. Ng5 Qd7 12. Qd3 h6 13. Nf3 Nc6 14. Rfd1 Rac8 15. h3 Qe8 16. a3 b5 17. a4 b4 18. Ne2 d5 19. Ng3 d4 20. Bd2 a5 21. Qb5 Nd7 22. c3 Nc5 23. cxb4 axb4 24. Bxb4 Rb8 25. Bxc5 Rxb5 26. axb5 Bxc5 27. Rac1 Qe7 28. bxc6 Bd6 29. Rc4 Qa7 30. Nf1 Qb6 31. b4 Qb5 32. N1d2 Ra8 33. Rdc1 Bc7 34. R1c2 Ra4 35. Rb2 Ra3 36. Rbc2 Kf7 37. g3 Ke8 0-1

[Event "FICGS W-ch st1 g01 email"]
[Site "FICGS email"]
[Date "2016.11.02"]
[Round "1"]
[White "Ilic, Slavisa"]
[Black "Pech, Matej"]
[Result "1-0"]
[WhiteElo "1797"]
[BlackElo "1391"]
[PlyCount "41"]
[EventDate "2016.??.??"]
[EventType "tourn (corr)"]
[EventRounds "8"]
[SourceTitle "Corr 2022"]
[Source "ChessBase"]
[SourceDate "2021.10.24"]
[SourceVersion "1"]
[SourceVersionDate "2021.10.24"]
[SourceQuality "1"]

1. e4 c5 2. Nf3 Nc6 3. Bb5 e6 4. 0-0 Nge7 5. Re1 a6 6. Bf1 d5 7. exd5 Nxd5 8. d4 Nf6 9. Be3 cxd4 10. Nxd4 Bd7 11. c4 Qc7 12. Nc3 Be7 13. g3 0-0 14. Bf4 Qb6 15. Nb3 Na5 16. Nxa5 Qxa5 17. Qd2 Qc5 18. b4 Qxb4 19. Rab1 Qc5 20. Rxb7 Rfd8 21. Qb2 1-0

[Event "FICGS rapid B 000239 email"]
[Site "FICGS email"]
[Date "2016.03.11"]
[Round "1"]
[White "Ilic, Slavisa"]
[Black "Carrizo, Jose Luis"]
[Result "1/2-1/2"]
[WhiteElo "1729"]
[BlackElo "2039"]
[PlyCount "53"]
[EventDate "2016.??.??"]
[EventType "tourn (rapid)"]
[EventRounds "6"]
[SourceTitle "Corr 2022"]
[Source "ChessBase"]
[SourceDate "2021.10.24"]
[SourceVersion "1"]
[SourceVersionDate "2021.10.24"]
[SourceQuality "1"]

1. e4 e5 2. Nf3 Nc6 3. Bb5 a6 4. Ba4 Nf6 5. 0-0 Be7 6. Re1 b5 7. Bb3 d6 8. c3 0-0 9. h3 Na5 10. Bc2 c5 11. d3 Nc6 12. Nbd2 Qc7 13. Nf1 d5 14. exd5 Nxd5 15. Qe2 Bb7 16. Nxe5 Nxe5 17. Qxe5 Bd6 18. Qe2 Rad8 19. Ng3 f5 20. Bg5 Rde8 21. Qxe8 Rxe8 22. Rxe8+ Kf7 23. Rae1 Bxg3 24. R8e7+ Nxe7 25. Rxe7+ Qxe7 26. Bxe7 Bxf2+ 27. Kxf2 1/2-1/2

[Event "FICGS rapid B 000239 email"]
[Site "FICGS email"]
[Date "2016.03.11"]
[Round "1"]
[White "Ilic, Slavisa"]
[Black "Salonen, Jukka"]
[Result "1/2-1/2"]
[WhiteElo "1729"]
[BlackElo "1881"]
[PlyCount "91"]
[EventDate "2016.??.??"]
[EventType "tourn (rapid)"]
[EventRounds "6"]
[SourceTitle "Corr 2022"]
[Source "ChessBase"]
[SourceDate "2021.10.24"]
[SourceVersion "1"]
[SourceVersionDate "2021.10.24"]
[SourceQuality "1"]

1. e4 e5 2. Nf3 Nc6 3. Bb5 a6 4. Ba4 Nf6 5. 0-0 b5 6. Bb3 Be7 7. Re1 d6 8. c3 0-0 9. h3 Na5 10. Bc2 c5 11. d3 Qc7 12. Nbd2 Nc6 13. Nf1 d5 14. exd5 Nxd5 15. Qe2 b4 16. d4 bxc3 17. dxe5 cxb2 18. Bxb2 Rb8 19. Qe4 g6 20. Bb3 Rd8 21. Bxd5 Rxb2 22. a3 Nd4 23. Nxd4 cxd4 24. Rac1 Bc5 25. Qf3 Be6 26. Bxe6 fxe6 27. Qf6 Re8 28. Nh2 Rf8 29. Qxe6+ Kh8 30. Rf1 d3 31. Ng4 d2 32. Rc4 h5 33. Ne3 Qb6 34. Qxb6 Bxb6 35. Rd1 Bxe3 36. fxe3 Rf5 37. Rc5 Ra2 38. Rd5 Kg7 39. R1xd2 Rxa3 40. Re2 Ra4 41. e4 Rf4 42. g3 Rfxe4 43. Rxe4 Rxe4 44. Ra5 Kf7 45. Kf2 h4 46. gxh4 1/2-1/2

[Event "FICGS rapid B 000239 email"]
[Site "FICGS email"]
[Date "2016.03.11"]
[Round "1"]
[White "Pareschi, Remo"]
[Black "Ilic, Slavisa"]
[Result "1/2-1/2"]
[WhiteElo "2021"]
[BlackElo "1729"]
[PlyCount "88"]
[EventDate "2016.??.??"]
[EventType "tourn (rapid)"]
[EventRounds "6"]
[SourceTitle "Corr 2022"]
[Source "ChessBase"]
[SourceDate "2021.10.24"]
[SourceVersion "1"]
[SourceVersionDate "2021.10.24"]
[SourceQuality "1"]

1. d4 Nf6 2. c4 e6 3. Nc3 Bb4 4. f3 d5 5. a3 Bxc3+ 6. bxc3 c5 7. cxd5 Nxd5 8. Qd3 b6 9. e4 Ba6 10. Qd2 Bxf1 11. Kxf1 Ne7 12. dxc5 Nd7 13. cxb6 Qxb6 14. Ne2 Nc6 15. g4 h5 16. gxh5 Rxh5 17. Kg2 Rd8 18. Qc2 Qc5 19. Ng3 Rh8 20. Rd1 Nde5 21. Rxd8+ Kxd8 22. f4 Nc4 23. Rb1 Kc7 24. Qa4 Nb6 25. Qb3 Rb8 26. Qc2 Rd8 27. f5 Nc4 28. fxe6 fxe6 29. Bf4+ e5 30. Bc1 g6 31. Nf1 Qd6 32. Ra1 Qd3 33. Ra2 Rd7 34. h4 Nd8 35. Bh6 a5 36. Qxd3 Rxd3 37. Nd2 Nd6 38. Bg7 N8f7 39. c4 Kc6 40. Bf8 a4 41. c5 Kxc5 42. Nf3 Kc4 43. Rc2+ Kb5 44. Rd2 Rxd2+ 1/2-1/2

[Event "BIH-chT Seniors"]
[Site "Mosko"]
[Date "2015.08.16"]
[Round "7"]
[White "Adzic, Mitar"]
[Black "Ilic, Slavisa"]
[Result "1/2-1/2"]
[WhiteElo "2061"]
[BlackElo "2069"]
[PlyCount "149"]
[EventDate "2015.08.10"]
[EventType "team-tourn"]
[EventRounds "9"]
[EventCountry "BIH"]
[SourceTitle "EXT 2016"]
[Source "ChessBase"]
[SourceDate "2015.10.08"]
[SourceVersion "1"]
[SourceVersionDate "2015.10.08"]
[SourceQuality "1"]

1. d4 Nf6 2. c4 g6 3. Nc3 d5 4. cxd5 Nxd5 5. e4 Nxc3 6. bxc3 Bg7 7. Bc4 c5 8. Ne2 0-0 9. 0-0 Nc6 10. Be3 Qc7 11. Rc1 Rd8 12. Qa4 Bd7 13. Qa3 Na5 14. Bd3 Be8 15. Nf4 e6 16. Ne2 b6 17. h4 Qb7 18. Rb1 Qe7 19. h5 Nc6 20. hxg6 hxg6 21. Bb5 cxd4 22. Qxe7 Nxe7 23. cxd4 Bxb5 24. Rxb5 Rac8 25. Rc1 Rxc1+ 26. Bxc1 Bxd4 27. Bg5 Kf8 28. a4 Bc5 29. Rb1 Rd7 30. g4 Nc6 31. Kg2 Be7 32. Be3 Bf6 33. Rc1 Ne5 34. g5 Bd8 35. f4 Nd3 36. Rc8 Ke8 37. Ra8 Nc5 38. a5 Nxe4 39. axb6 axb6 40. Bxb6 Ke7 41. Bd4 f5 42. Kf3 Rb7 43. Ra3 Rb3+ 44. Rxb3 Nd2+ 45. Ke3 Nxb3 46. Ba7 Na5 47. Nd4 Kd7 48. Nf3 Nc6 49. Bc5 Ke8 50. Bd6 Kf7 51. Kd3 Be7 52. Bc7 Nb4+ 53. Kc4 Nd5 54. Bb8 Ba3 55. Ne5+ Kg7 56. Nd3 Ne3+ 57. Kb5 Ng4 58. Kc6 Kf7 59. Kd7 Bf8 60. Be5 Ba3 61. Bd4 Bf8 62. Bb2 Be7 63. Be5 Bf8 64. Bd4 Be7 65. Nb2 Nh2 66. Nd3 Nf3 67. Bc3 Ba3 68. Bf6 Bf8 69. Bc3 Ba3 70. Ne5+ Nxe5+ 71. Bxe5 Bc1 72. Bc7 Bb2 73. Bd6 Bc3 74. Bc7 Bd4 75. Bd6 1/2-1/2

[Event "FICGS rapid B 000232 email"]
[Site "FICGS email"]
[Date "2015.07.31"]
[Round "1"]
[White "Domingo Gadea, Jordi"]
[Black "Ilic, Slavisa"]
[Result "1-0"]
[WhiteElo "1712"]
[BlackElo "1779"]
[PlyCount "37"]
[EventDate "2015.??.??"]
[EventType "tourn (rapid)"]
[EventRounds "6"]
[SourceTitle "Corr 2022"]
[Source "ChessBase"]
[SourceDate "2021.10.24"]
[SourceVersion "1"]
[SourceVersionDate "2021.10.24"]
[SourceQuality "1"]

1. g4 d5 2. Bg2 c6 3. h3 h5 4. g5 Bf5 5. Nf3 e5 6. d4 e4 7. Nh4 Be6 8. Bf4 Be7 9. Qd2 Nf6 10. Bf1 Nh7 11. Rg1 Nd7 12. Nc3 b5 13. a4 b4 14. Nd1 0-0 15. f3 Re8 16. Nf2 b3 17. c3 exf3 18. Nxf3 Bf5 19. Nd3 1-0

[Event "FICGS rapid B 000232 email"]
[Site "FICGS email"]
[Date "2015.07.31"]
[Round "1"]
[White "Ilic, Slavisa"]
[Black "Cirulis, Ilmars"]
[Result "0-1"]
[WhiteElo "1779"]
[BlackElo "1840"]
[PlyCount "48"]
[EventDate "2015.??.??"]
[EventType "tourn (rapid)"]
[EventRounds "6"]
[SourceTitle "Corr 2022"]
[Source "ChessBase"]
[SourceDate "2021.10.24"]
[SourceVersion "1"]
[SourceVersionDate "2021.10.24"]
[SourceQuality "1"]

1. e4 c6 2. d4 d5 3. f3 dxe4 4. fxe4 e5 5. Nf3 exd4 6. Bc4 Nf6 7. 0-0 Nbd7 8. e5 Nd5 9. Kh1 N7b6 10. Bb3 Be7 11. Qxd4 0-0 12. Qe4 Qd7 13. c4 Nb4 14. Bg5 Bxg5 15. Nxg5 Qd3 16. Qf4 Qg6 17. Nd2 Nd3 18. Qe3 h6 19. Nge4 Nxe5 20. c5 Nd5 21. Qd4 f6 22. Nd6 Be6 23. N2c4 Nc7 24. Nxe5 fxe5 0-1

[Event "FICGS rapid B 000232 email"]
[Site "FICGS email"]
[Date "2015.07.31"]
[Round "1"]
[White "Schmidt, Jonny"]
[Black "Ilic, Slavisa"]
[Result "1-0"]
[WhiteElo "1800"]
[BlackElo "1779"]
[PlyCount "45"]
[EventDate "2015.??.??"]
[EventType "tourn (rapid)"]
[EventRounds "6"]
[SourceTitle "Corr 2022"]
[Source "ChessBase"]
[SourceDate "2021.10.24"]
[SourceVersion "1"]
[SourceVersionDate "2021.10.24"]
[SourceQuality "1"]

1. e4 d5 2. exd5 Nf6 3. Nf3 Bg4 4. Bb5+ Nbd7 5. h3 Bh5 6. Nc3 a6 7. Be2 Nb6 8. d4 Nfxd5 9. Nxd5 Qxd5 10. 0-0 e6 11. b3 Be7 12. c4 Qd8 13. Be3 0-0 14. Ne5 Bxe2 15. Qxe2 Nd7 16. Nd3 c6 17. Rad1 Qa5 18. Bd2 Qc7 19. d5 cxd5 20. cxd5 e5 21. Rc1 Qb8 22. Rfd1 Bd6 23. Bb4 1-0

[Event "FICGS W-ch st1 g01 email"]
[Site "FICGS email"]
[Date "2014.11.01"]
[Round "1"]
[White "Faust, Dieter"]
[Black "Ilic, Slavisa"]
[Result "0-1"]
[WhiteElo "1662"]
[BlackElo "1636"]
[PlyCount "72"]
[EventDate "2014.??.??"]
[EventType "tourn (corr)"]
[EventRounds "8"]
[SourceTitle "Corr 2022"]
[Source "ChessBase"]
[SourceDate "2021.10.24"]
[SourceVersion "1"]
[SourceVersionDate "2021.10.24"]
[SourceQuality "1"]

1. d4 Nf6 2. c4 b6 3. Nf3 Bb7 4. g3 e6 5. Bg2 c5 6. d5 exd5 7. Nh4 g6 8. Nc3 Bg7 9. 0-0 d6 10. Rb1 Qd7 11. cxd5 0-0 12. e4 b5 13. Bg5 h6 14. Bd2 b4 15. Na4 Na6 16. Re1 Rae8 17. Qc2 Re7 18. f3 Rfe8 19. a3 Nxd5 20. exd5 Bxd5 21. Rxe7 Rxe7 22. axb4 Nxb4 23. Bxb4 cxb4 24. Ra1 Bc6 25. Bf1 Qe8 26. Kf2 Bd4+ 27. Kg2 Bf6 28. Kf2 Re5 29. Bc4 d5 30. Bf1 Bxh4 31. gxh4 d4 32. Qc4 Rf5 33. Qxd4 Rxf3+ 34. Kg1 Bxa4 35. Qxa7 Bc6 36. Bg2 Qe2 0-1

[Event "FICGS W-ch st1 g01 email"]
[Site "FICGS email"]
[Date "2014.11.01"]
[Round "1"]
[White "Leurette, Marc Antoine"]
[Black "Ilic, Slavisa"]
[Result "0-1"]
[WhiteElo "1185"]
[BlackElo "1636"]
[PlyCount "34"]
[EventDate "2014.??.??"]
[EventType "tourn (corr)"]
[EventRounds "8"]
[SourceTitle "Corr 2022"]
[Source "ChessBase"]
[SourceDate "2021.10.24"]
[SourceVersion "1"]
[SourceVersionDate "2021.10.24"]
[SourceQuality "1"]

1. e4 c5 2. Nc3 g6 3. g3 Bg7 4. Bg2 Nc6 5. d3 Rb8 6. Be3 b5 7. Nge2 d6 8. Qd2 h5 9. 0-0-0 b4 10. Nd5 e6 11. Ndf4 Nge7 12. h4 Nd4 13. b3 Nb5 14. f3 Qa5 15. Kb1 Na3+ 16. Kc1 Nc4 17. dxc4 Qa3+ 0-1

[Event "Srpska Republic-chT 1st League"]
[Site "Banja Vrucica"]
[Date "2014.08.12"]
[Round "4.4"]
[White "Ilic, Slavisa"]
[Black "Markovic, Dusan"]
[Result "0-1"]
[WhiteElo "2093"]
[BlackElo "2063"]
[PlyCount "64"]
[EventDate "2014.08.09"]
[EventType "team-tourn"]
[EventRounds "9"]
[EventCountry "BIH"]
[SourceTitle "EXT 2016"]
[Source "ChessBase"]
[SourceDate "2015.10.08"]
[SourceVersion "1"]
[SourceVersionDate "2015.10.08"]
[SourceQuality "1"]
[WhiteTeam "Brcko Jedinstvo"]
[BlackTeam "Teslic Mladost"]
[WhiteTeamCountry "BIH"]
[BlackTeamCountry "BIH"]

1. d4 Nf6 2. g3 g6 3. Bg2 Bg7 4. e4 d6 5. Ne2 0-0 6. 0-0 c6 7. h3 Qc7 8. Kh2 e5 9. Bg5 Nbd7 10. Nbc3 Qb6 11. Rb1 Re8 12. Qd2 exd4 13. Nxd4 Ne5 14. b3 Nfg4+ 15. Kg1 h6 16. Na4 Qc7 17. Bf4 g5 18. hxg4 gxf4 19. Nf5 fxg3 20. Nxh6+ Kh7 21. Nf5 Bxf5 22. gxf5 Bh6 23. f4 Qd8 24. Bh3 Qh4 25. Kg2 Ng4 26. f6 Rxe4 27. Rh1 Rae8 28. Nc3 Re3 29. Rbf1 Kg8 30. Bxg4 Qxg4 31. Re1 Bxf4 32. Qd4 Rxe1 0-1

[Event "FICGS rapid M 000013 email"]
[Site "FICGS email"]
[Date "2008.11.02"]
[Round "1"]
[White "Ilic, Slavisa"]
[Black "Bleker, Frits"]
[Result "0-1"]
[WhiteElo "2133"]
[BlackElo "2128"]
[PlyCount "56"]
[EventDate "2008.??.??"]
[EventType "tourn (rapid)"]
[EventRounds "6"]
[SourceTitle "Corr 2022"]
[Source "ChessBase"]
[SourceDate "2021.10.24"]
[SourceVersion "1"]
[SourceVersionDate "2021.10.24"]
[SourceQuality "1"]

1. e4 c6 2. d4 d5 3. e5 Bf5 4. Nf3 e6 5. Be2 Nd7 6. 0-0 Ne7 7. Nbd2 h6 8. c3 Bh7 9. g3 c5 10. dxc5 Nxc5 11. Nb3 Nc6 12. Be3 Nd7 13. Nbd4 Bc5 14. Qa4 0-0 15. Nxc6 bxc6 16. Nd4 Qe8 17. f4 Rc8 18. b4 Bb6 19. Ba6 Rc7 20. Rfe1 Be4 21. Bf1 f6 22. exf6 e5 23. fxg7 Rf6 24. Qd1 exf4 25. Bf2 Ne5 26. Rxe4 dxe4 27. gxf4 Rxg7+ 28. Kh1 Rxf4 0-1

[Event "FICGS rapid M 000013 email"]
[Site "FICGS email"]
[Date "2008.11.02"]
[Round "1"]
[White "Staggat, Rolf"]
[Black "Ilic, Slavisa"]
[Result "1-0"]
[WhiteElo "2090"]
[BlackElo "2133"]
[PlyCount "53"]
[EventDate "2008.??.??"]
[EventType "tourn (rapid)"]
[EventRounds "6"]
[SourceTitle "Corr 2022"]
[Source "ChessBase"]
[SourceDate "2021.10.24"]
[SourceVersion "1"]
[SourceVersionDate "2021.10.24"]
[SourceQuality "1"]

1. e4 d5 2. exd5 Qxd5 3. Nc3 Qa5 4. d4 Nf6 5. Bc4 Bf5 6. Nf3 c6 7. Bd2 e6 8. Nd5 Qd8 9. Nxf6+ gxf6 10. Bb3 Nd7 11. Qe2 Qc7 12. Nh4 Bg6 13. 0-0-0 0-0-0 14. g3 Kb8 15. Ng2 e5 16. Bc3 exd4 17. Bxd4 Bb4 18. Qf3 c5 19. Bxf6 Nxf6 20. Qxf6 c4 21. Bxc4 Rc8 22. Ne3 Rhe8 23. c3 Rxe3 24. fxe3 Be7 25. Qf4 Qxf4 26. exf4 Rxc4 27. Rhe1 1-0

[Event "FICGS class C 000054 email"]
[Site "FICGS email"]
[Date "2008.08.26"]
[Round "1"]
[White "Ilic, Slavisa"]
[Black "Ponting, Andrew"]
[Result "1-0"]
[WhiteElo "2081"]
[BlackElo "1800"]
[PlyCount "63"]
[EventDate "2008.??.??"]
[EventType "tourn (corr)"]
[EventRounds "1"]
[SourceTitle "Corr 2022"]
[Source "ChessBase"]
[SourceDate "2021.10.24"]
[SourceVersion "1"]
[SourceVersionDate "2021.10.24"]
[SourceQuality "1"]

1. d4 d5 2. c4 c6 3. Nc3 Nf6 4. Nf3 e6 5. Bg5 h6 6. Bxf6 Qxf6 7. e3 Nd7 8. Bd3 g6 9. e4 dxc4 10. e5 Qe7 11. Bxc4 Bg7 12. 0-0 0-0 13. Qe2 Rd8 14. Bd3 b6 15. h4 Bb7 16. Be4 Rac8 17. Rfe1 Nb8 18. Rad1 Na6 19. h5 gxh5 20. Nh2 h4 21. Ng4 Nc7 22. Qf3 Ne8 23. b4 h5 24. Ne3 Qxb4 25. Ne2 Ba6 26. Nc2 Qa4 27. Nf4 c5 28. Qxh5 f5 29. exf6 Nxf6 30. Qe5 Bc4 31. d5 Bxd5 32. Rxd5 1-0

[Event "FICGS class C 000054 email"]
[Site "FICGS email"]
[Date "2008.08.26"]
[Round "1"]
[White "Wilson, Norman"]
[Black "Ilic, Slavisa"]
[Result "1-0"]
[WhiteElo "1806"]
[BlackElo "2081"]
[PlyCount "61"]
[EventDate "2008.??.??"]
[EventType "tourn (corr)"]
[EventRounds "1"]
[SourceTitle "Corr 2022"]
[Source "ChessBase"]
[SourceDate "2021.10.24"]
[SourceVersion "1"]
[SourceVersionDate "2021.10.24"]
[SourceQuality "1"]

1. d4 Nf6 2. c4 e5 3. dxe5 Ng4 4. Nf3 Bc5 5. e3 Nc6 6. Be2 Ngxe5 7. Nc3 0-0 8. b3 Nxf3+ 9. Bxf3 Ne5 10. 0-0 Re8 11. Be4 Qh4 12. g3 Qd8 13. Bb2 c6 14. Na4 Bf8 15. Qc2 h6 16. Bg2 d6 17. h3 Qg5 18. f4 Qxg3 19. fxe5 Bxh3 20. Rf3 Qxg2+ 21. Qxg2 Bxg2 22. Kxg2 dxe5 23. Raf1 f6 24. Nc3 a5 25. Rg3 Kf7 26. Kf3 f5 27. Ke2 f4 28. Rh3 g5 29. Ne4 Kg6 30. Rfh1 b5 31. c5 1-0

[Event "Wch U20"]
[Site "Gaziantep"]
[Date "2008.08.15"]
[Round "13"]
[White "Ilic, Slavisa"]
[Black "Kjartansson, Gudmundur"]
[Result "1-0"]
[WhiteElo "2081"]
[BlackElo "2328"]
[PlyCount "109"]
[EventDate "2008.08.03"]
[EventType "swiss"]
[EventRounds "13"]
[EventCountry "TUR"]
[SourceTitle "CBM 125 Extra"]
[Source "ChessBase"]
[SourceDate "2008.09.01"]
[SourceVersion "1"]
[SourceVersionDate "2008.09.01"]
[SourceQuality "1"]

1. Nf3 Nf6 2. d4 e6 3. g3 c5 4. Bg2 Nc6 5. 0-0 cxd4 6. Nxd4 Qb6 7. Nb3 d5 8. N1d2 a5 9. a4 Bb4 10. c3 Be7 11. e4 0-0 12. exd5 exd5 13. Nf3 Bg4 14. Be3 Qc7 15. Nbd4 Nxd4 16. Bxd4 h6 17. Qb3 Ra6 18. Rfe1 Be6 19. Rad1 Re8 20. Ne5 Ne4 21. Nd3 Rc6 22. Nf4 Nc5 23. Qb5 Rd8 24. Qe2 Bg5 25. Be5 Qc8 26. Nxd5 Bg4 27. f3 Rxd5 28. Rxd5 Be6 29. Rd6 Be7 30. Rxc6 Qxc6 31. f4 Qxa4 32. Bd4 Nb3 33. Bf2 Bf6 34. Bxb7 g5 35. fxg5 hxg5 36. Qa6 Qg4 37. Qa8+ Kg7 38. Bd5 Nd2 39. Bg2 a4 40. Qc6 Bb3 41. Be3 Nc4 42. Bc5 Nxb2 43. Qa8 Bxc3 44. Qf8+ Kg6 45. Be4+ f5 46. Qd6+ Kh5 47. Qd7 Kg6 48. Qd6+ Kh5 49. Qd7 Kg6 50. Qe8+ Kg7 51. Bf8+ Kh7 52. Bxf5+ Qxf5 53. Re7+ Kh8 54. Bg7+ Kh7 55. Qh8+ 1-0

[Event "Wch U20"]
[Site "Gaziantep"]
[Date "2008.08.13"]
[Round "11"]
[White "Ilic, Slavisa"]
[Black "Kalashian, David"]
[Result "0-1"]
[WhiteElo "2081"]
[BlackElo "2432"]
[PlyCount "70"]
[EventDate "2008.08.03"]
[EventType "swiss"]
[EventRounds "13"]
[EventCountry "TUR"]
[SourceTitle "CBM 125 Extra"]
[Source "ChessBase"]
[SourceDate "2008.09.01"]
[SourceVersion "1"]
[SourceVersionDate "2008.09.01"]
[SourceQuality "1"]

1. e4 c5 2. c3 Nf6 3. e5 Nd5 4. Nf3 Nc6 5. d4 cxd4 6. Bc4 Nb6 7. Bb3 d5 8. exd6 Qxd6 9. 0-0 Be6 10. Bxe6 Qxe6 11. Nxd4 Nxd4 12. Qxd4 Rd8 13. Qb4 Qc6 14. Nd2 e6 15. Qg4 h5 16. Qf3 Qxf3 17. Nxf3 Bc5 18. Bf4 Nd5 19. Be5 f6 20. Bd4 Bxd4 21. Nxd4 Kf7 22. f4 Rhe8 23. a4 Nxf4 24. Nb5 g5 25. Nxa7 Rd2 26. Nb5 Red8 27. Kh1 Rxb2 28. Rab1 Rxb1 29. Rxb1 Kg6 30. g3 Nh3 31. Nc7 e5 32. Ne6 Rd2 33. Nc5 b6 34. Rxb6 Rd1+ 35. Kg2 g4 0-1

[Event "Wch U20"]
[Site "Gaziantep"]
[Date "2008.08.11"]
[Round "9"]
[White "Mijovic, Stefan"]
[Black "Ilic, Slavisa"]
[Result "1/2-1/2"]
[WhiteElo "2289"]
[BlackElo "2081"]
[PlyCount "84"]
[EventDate "2008.08.03"]
[EventType "swiss"]
[EventRounds "13"]
[EventCountry "TUR"]
[SourceTitle "CBM 125 Extra"]
[Source "ChessBase"]
[SourceDate "2008.09.01"]
[SourceVersion "1"]
[SourceVersionDate "2008.09.01"]
[SourceQuality "1"]

1. e4 d5 2. exd5 Qxd5 3. Nc3 Qa5 4. d4 Nf6 5. Nf3 c6 6. Bc4 Bf5 7. Qe2 e6 8. Bd2 Nbd7 9. 0-0-0 Bb4 10. Nh4 Bg4 11. f3 Bxc3 12. fxg4 Bxd2+ 13. Rxd2 0-0-0 14. h3 h5 15. gxh5 Nxh5 16. Re1 Qc7 17. Nf3 Ndf6 18. Ne5 Kb8 19. Qf3 c5 20. g4 cxd4 21. gxh5 Rxh5 22. Qe2 Rxh3 23. Nxf7 Re8 24. Qe5 Re3 25. Rxe3 dxe3 26. Re2 Ng4 27. Qxc7+ Kxc7 28. Rg2 Re7 29. Rxg4 Rxf7 30. Kd1 Kd6 31. Bb3 Ke5 32. Ke2 Kf5 33. Kxe3 Kxg4 34. Bxe6+ Rf5 35. Ke4 g6 36. c4 Kg5 37. Bxf5 gxf5+ 38. Kf3 a5 39. b3 f4 40. a3 Kf5 41. b4 axb4 42. axb4 Ke5 1/2-1/2

[Event "Wch U20"]
[Site "Gaziantep"]
[Date "2008.08.10"]
[Round "8"]
[White "Ilic, Slavisa"]
[Black "Grover, Sahaj"]
[Result "1-0"]
[WhiteElo "2081"]
[BlackElo "2306"]
[PlyCount "81"]
[EventDate "2008.08.03"]
[EventType "swiss"]
[EventRounds "13"]
[EventCountry "TUR"]
[SourceTitle "CBM 125 Extra"]
[Source "ChessBase"]
[SourceDate "2008.09.01"]
[SourceVersion "1"]
[SourceVersionDate "2008.09.01"]
[SourceQuality "1"]

1. e4 c5 2. c3 d5 3. exd5 Qxd5 4. Nf3 Nf6 5. Be2 Bg4 6. 0-0 Nc6 7. Na3 e5 8. Re1 0-0-0 9. Nc2 e4 10. Ne3 Qd6 11. Ng5 Bxe2 12. Qxe2 Qd7 13. f3 exf3 14. Nxf3 Bd6 15. a4 Rhe8 16. a5 Nh5 17. Qc4 Kb8 18. a6 b6 19. d4 cxd4 20. cxd4 Rc8 21. Qb3 f5 22. Bd2 g5 23. Nc4 g4 24. Nxd6 Qxd6 25. Qf7 Ne7 26. Qxh5 gxf3 27. Qxf3 Qxd4+ 28. Be3 Qd5 29. Qh5 Rg8 30. g3 Rc2 31. Re2 Rxe2 32. Qxe2 Qe4 33. Re1 Nd5 34. Qf2 Qb4 35. Bd4 f4 36. Be5+ Ka8 37. Bxf4 Qxf4 38. Re8+ Rxe8 39. gxf4 Rf8 40. Qg2 Rd8 41. Qg7 1-0